Ako sa rozmnožujú a rozširujú rastliny /
Enregistré dans:
| Auteurs principaux: | , , |
|---|---|
| Format: | Livre |
| Langue: | slovaque |
| Publié: |
Bratislava :
Obzor,
1987
|
| Collection: | Edícia: Obrázky z prírody
|
| Tags: |
Pas de tags, Soyez le premier à ajouter un tag!
|
MARC
| LEADER | 00000nam a22000003a 4500 | ||
|---|---|---|---|
| 001 | stu15069 | ||
| 005 | 20150617225800.4 | ||
| 008 | 920331s1987----cs------------------slo-d | ||
| 040 | |a STU |b slo | ||
| 041 | 0 | |a slo | |
| 044 | |a cs | ||
| 080 | |a 581.1 | ||
| 100 | 1 | |a Lhotská, Marie |4 aut | |
| 245 | 1 | |a Ako sa rozmnožujú a rozširujú rastliny / |c [aut.]Lhotská,Marie, Krippelová,Terézia, Cigánová,Katarína | |
| 260 | |a Bratislava : |b Obzor, |c 1987 | ||
| 300 | |a 390 s : |b Obr.,register | ||
| 700 | 1 | |a Krippelová, Terézia |4 aut | |
| 700 | 1 | |a Cigánová, Katarína |4 aut | |
| 830 | 0 | |a Edícia: Obrázky z prírody | |
| 996 | |b C89356 |c C*89356 |l CCXI |s P |a 0 |w stu15069_0001 | ||